000 00677nam a22002417a 4500
003 UA-OsUOA
001 20810
007 ta
008 20031104b un ||||| |||| 00| 0 ukr d
100 _aЗимин А.А.
090 _a94 (470+571)
_bЗ-62
942 _cBK
040 _aUA-OsUOA
_brus
_cUA-OsUOA
_dUA-OsUOA
245 _aРоссия на пороге нового времени
_bОчерки политической истории России первой трети XVI в.
300 _a451 с.
955 _a0
041 _arus
080 _a94 (470+571)
260 _aМосква
_bМысль
_c1972
044 _aRU
650 7 _2UDC
999 _c306994
_d306994